00499 2200169 4500001002100000005001500021035002000036245004300056100001300099250001200112300005200124260003700176082001500213084002100228020001800249600006200267INLIS00000000000015820240430093639 a0010-04240001351 aMetodologi Penelitian Ilmu Keperawatan0 aNursalam aKeempat a454 hal :bilustrasi berwarna ;c19 X 26 cmeCD aJakarta :bSalemba Medika,c2003 a610.730.72 a610.730.72 NUR m a9786021163382 4aKesehatan, pendidikan, kedokteran, keperawatan, kebidanan